Milon ʻamami loʻazi-ʻivri, (Record no. 32534)
[ view plain ]
| 000 -LEADER | |
|---|---|
| fixed length control field | 00797cam a22002531 4500 |
| 001 - CONTROL NUMBER | |
| control field | he 67001519 |
| 003 - CONTROL NUMBER IDENTIFIER | |
| control field | DLC |
| 005 - DATE AND TIME OF LATEST TRANSACTION | |
| control field | 20260227111448.0 |
| 008 - FIXED-LENGTH DATA ELEMENTS--GENERAL INFORMATION | |
| fixed length control field | 940903s1965 is d 000 0 heb |
| 010 ## - LIBRARY OF CONGRESS CONTROL NUMBER | |
| LC control number | he 67001519 |
| 025 ## - OVERSEAS ACQUISITION NUMBER | |
| Overseas acquisition number | PL480:Is-4611 |
| 035 ## - SYSTEM CONTROL NUMBER | |
| System control number | (OCoLC)31051980 |
| 040 ## - CATALOGING SOURCE | |
| Original cataloging agency | DLC |
| Transcribing agency | OrPS |
| Modifying agency | DLC |
| 041 1# - LANGUAGE CODE | |
| Language code of text/sound track or separate title | heb |
| Language code of original | mul |
| 042 ## - AUTHENTICATION CODE | |
| Authentication code | premarc |
| 050 00 - LIBRARY OF CONGRESS CALL NUMBER | |
| Classification number | PJ4843 |
| Item number | .P49 1965 |
| 100 1# - MAIN ENTRY--PERSONAL NAME | |
| Personal name | Pines, Dan, |
| Dates associated with a name | 1900-1961. |
| 245 10 - TITLE STATEMENT | |
| Title | Milon ʻamami loʻazi-ʻivri, |
| Statement of responsibility, etc. | me-et Dan Pines. |
| 260 ## - PUBLICATION, DISTRIBUTION, ETC. | |
| Place of publication, distribution, etc. | Tel Aviv, |
| Name of publisher, distributor, etc. | Amiḥai, |
| Date of publication, distribution, etc. | [1965] |
| 300 ## - PHYSICAL DESCRIPTION | |
| Extent | 7 p., 658 columns. |
| Dimensions | 25 cm. |
| 500 ## - GENERAL NOTE | |
| General note | Added title: Popular dictionary of foreign words & experessions. |
| 650 #0 - SUBJECT ADDED ENTRY--TOPICAL TERM | |
| Topical term or geographic name entry element | Hebrew language |
| General subdivision | Foreign words and phrases |
| Form subdivision | Dictionaries. |
| 740 0# - ADDED ENTRY--UNCONTROLLED RELATED/ANALYTICAL TITLE | |
| Uncontrolled related/analytical title | Popular dictionary of foreign words & expressions. |
No items available.